[Event "Linares (m/5)"]
[Site "?"]
[Date "1992.??.??"]
[Round "?"]
[White "Karpov, An"]
[Black "Short, N."]
[Result "1/2-1/2"]
[WhiteElo "2725"]
[BlackElo "2685"]
[PlyCount "134"]
[EventDate "1992.??.??"]
[Source "ChessBase"]
[SourceDate "1992.02.01"]

1. d4 d5 2. c4 dxc4 3. e4 Nf6 4. e5 Nd5 5. Bxc4 Nb6 6. Bb3 c5 7. dxc5 Qxd1+ 8. Kxd1 N6d7 9. e6 fxe6 10. Bxe6 Na6 11. c6 bxc6 12. Be3 Nc7 13. Bb3 Nd5 14. Nf3 Nxe3+ 15. fxe3 g6 16. Nbd2 Nc5 17. Bc4 Bg7 18. Nd4 Na4 19. Kc2 Nxb2 20. Kxb2 c5 21. N2f3 Rf8 22. Rhf1 Bd7 23. Ka3 cxd4 24. exd4 Rc8 25. Bb3 Rf6 26. Rac1 Rb8 27. Rfe1 Ra6+ 28. Kb2 Rd6 29. Ka3 a5 30. Ne5 Rxd4 31. Nxd7 Kxd7 32. Rcd1 Rbb4 33. Rxd4+ Bxd4 34. Rc1 e5 35. Rc4 Rb8 36. Ka4 Bb6 37. Re4 Kd6 38. h3 Bd4 39. Re2 Bc3 40. Rc2 Rc8 41. Re2 Kc5 42. Re4 Bd4 43. Re2 Kb6 44. Rc2 Rd8 45. Re2 Ba1 46. Bc4 Kc5 47. Ba6 Rd6 48. Rc2+ Kb6 49. Bc4 e4 50. Kb3 Bd4 51. Be2 Bc5 52. Rc4 Re6 53. Rc1 Re5 54. Rf1 Bd6 55. Rc1 h5 56. Rc8 Rd5 57. a4 Be5 58. Rc4 Bd4 59. Rc8 Bc5 60. Bb5 e3 61. Rc6+ Kb7 62. Kc4 e2 63. Re6 Rg5 64. Bc6+ Kc7 65. Bf3 Bb4 66. Rxe2 Kd6 67. Re8 h4 1/2-1/2

[Event "Linares (m/9)"]
[Site "?"]
[Date "1992.??.??"]
[Round "?"]
[White "Karpov, An"]
[Black "Short, N."]
[Result "1/2-1/2"]
[WhiteElo "2725"]
[BlackElo "2685"]
[PlyCount "126"]
[EventDate "1992.??.??"]
[Source "ChessBase"]
[SourceDate "1992.02.01"]

1. d4 d5 2. c4 dxc4 3. e4 Nf6 4. e5 Nd5 5. Bxc4 Nb6 6. Bb3 Nc6 7. Be3 Bf5 8. Nc3 e6 9. Nge2 Be7 10. a3 O-O 11. O-O Na5 12. Bc2 Bxc2 13. Qxc2 Nac4 14. Rad1 Nxe3 15. fxe3 c6 16. Rf3 Nd5 17. Ne4 Bg5 18. Qd3 Qe7 19. Nf4 Bxf4 20. exf4 g6 21. Qe2 Rae8 22. Re1 Qd8 23. Qf2 Re7 24. Ng5 f6 25. exf6 Rxf6 26. Re5 Nc7 27. Qe3 Rf5 28. Rf2 h6 29. Ne4 Nd5 30. Qb3 Qf8 31. g3 Kh7 32. Qa4 a6 33. Qc2 Qd8 34. Qd3 Nc7 35. Nc5 b6 36. Na4 Nb5 37. Qe4 Nxd4 38. Kg2 c5 39. Nc3 Ref7 40. b4 Rxe5 41. Qxe5 Qa8+ 42. Kh3 Qh8 43. Qxh8+ Kxh8 44. bxc5 bxc5 45. Rb2 Kg7 46. Rb6 e5 47. fxe5 Re7 48. Nd5 Rxe5 49. Rb7+ Kf8 50. Nf4 Ke8 51. Nxg6 Re3 52. a4 Ne6 53. Kg4 c4 54. Nf4 Nxf4 55. Kxf4 Re2 56. Rc7 Rxh2 57. Rxc4 Kd7 58. Rc5 h5 59. Ra5 h4 60. g4 Ra2 61. Rxa6 h3 62. Kg5 h2 63. Ra7+ Ke6 1/2-1/2

[Event "Corr"]
[Site "?"]
[Date "2002.01.15"]
[Round "?"]
[White "Rause Mrs.Olita (LAT)"]
[Black "Tarnowiecki Harald"]
[Result "1/2-1/2"]
[WhiteElo "2708"]
[BlackElo "2692"]
[PlyCount "77"]
[EventDate "2002.??.??"]
[Source "www.chesslib.no"]
[SourceDate "2004.05.04"]

1. d4 d5 2. c4 dxc4 3. e4 Nf6 4. e5 Nd5 5. Bxc4 Nb6 6. Bd3 Nc6 7. Be3 Be6 8. Nc3 Qd7 9. Nge2 Nb4 10. Be4 Bf5 11. f3 Bxe4 12. fxe4 Nc4 13. Bc1 c5 14. Nd5 Nc6 15. e6 fxe6 16. Ne3 Nd6 17. dxc5 Nxe4 18. Qc2 Nf6 19. O-O e5 20. Rd1 Qe6 21. a3 g6 22. b4 Bg7 23. Bb2 O-O 24. Qc4 Kf7 25. Qh4 Rad8 26. Re1 h5 27. b5 Bh6 28. Bc1 Bxe3+ 29. Bxe3 Qb3 30. Bh6 Qxb5 31. Bxf8 Qxc5+ 32. Kh1 Kxf8 33. Rf1 Kg7 34. Rab1 Rd7 35. Ng3 Qd4 36. Qg5 Kh7 37. h3 Nd8 38. Rbe1 Nf7 39. Qc1 1/2-1/2

[Event "Linares"]
[Site "?"]
[Date "1993.??.??"]
[Round "?"]
[White "Gelfand, B."]
[Black "Anand, V."]
[Result "0-1"]
[WhiteElo "2690"]
[BlackElo "2710"]
[PlyCount "80"]
[EventDate "1993.??.??"]
[Source "ChessBase"]
[SourceDate "1993.02.01"]

1. d4 d5 2. c4 dxc4 3. e4 c5 4. d5 Nf6 5. Nc3 b5 6. Bf4 Qa5 7. e5 Ne4 8. Nge2 Na6 9. f3 Nb4 10. fxe4 Nd3+ 11. Kd2 g6 12. b3 Bg7 13. bxc4 Nxf4 14. Nxf4 Bxe5 15. Nfe2 b4 16. Qa4+ Qxa4 17. Nxa4 Bxa1 18. Nxc5 O-O 19. Nd3 a5 20. g3 Bg7 21. Bg2 Ba6 22. c5 Rac8 23. c6 Rfd8 24. Rc1 Bh6+ 25. Nef4 Bxd3 26. Kxd3 e5 27. Kc4 exf4 28. Re1 fxg3 29. e5 Bf4 30. hxg3 Bxg3 31. Re3 Bf4 32. Re4 Bh2 33. Bh3 Rc7 34. Re2 Bg3 35. Re3 Bf4 36. Re4 g5 37. Kc5 Re7 38. Kd4 f6 39. d6 Bxe5+ 40. Rxe5 Rxd6+ 0-1

[Event "Linares"]
[Site "?"]
[Date "1992.??.??"]
[Round "?"]
[White "Karpov, An"]
[Black "Anand, V."]
[Result "1/2-1/2"]
[WhiteElo "2725"]
[BlackElo "2670"]
[PlyCount "85"]
[EventDate "1992.??.??"]
[Source "ChessBase"]
[SourceDate "1992.02.01"]

1. d4 d5 2. c4 dxc4 3. e4 e5 4. Nf3 Bb4+ 5. Bd2 Bxd2+ 6. Nbxd2 exd4 7. Bxc4 Nc6 8. O-O Nf6 9. e5 Nd5 10. Nb3 O-O 11. Nbxd4 Nxd4 12. Qxd4 Nb6 13. Bb3 Be6 14. Qc5 Re8 15. Rad1 Qe7 16. Qe3 Bxb3 17. Qxb3 Rad8 18. h3 h6 19. Rfe1 Rxd1 20. Rxd1 c6 21. Qe3 Rd8 22. Re1 Qd7 23. b3 Qd3 24. Qc5 Qd5 25. Qa3 Nc8 26. Qb4 c5 27. Qa4 Qd7 28. Qf4 Qe6 29. Rc1 b6 30. b4 Qxa2 31. bxc5 bxc5 32. Rxc5 Nb6 33. Rc7 Rd7 34. Rc1 Qa4 35. Qxa4 Nxa4 36. h4 Nb2 37. Rc8+ Kh7 38. h5 Nd3 39. Re8 Nf4 40. g4 a5 41. Ra8 Rd1+ 42. Kh2 Rd3 43. Kg3 1/2-1/2

[Event "Interzonal"]
[Site "?"]
[Date "1992.??.??"]
[Round "3"]
[White "Karpov, Anatoly"]
[Black "Anand, Viswanathan"]
[Result "1/2-1/2"]
[WhiteElo "2725"]
[BlackElo "2670"]
[PlyCount "85"]
[EventDate "1992.??.??"]
[Source "www.chesslib.no"]
[SourceDate "2004.05.04"]

1. d4 d5 2. c4 dxc4 3. e4 e5 4. Nf3 Bb4+ 5. Bd2 Bxd2+ 6. Nbxd2 exd4 7. Bxc4 Nc6 8. O-O Nf6 9. e5 Nd5 10. Nb3 O-O 11. Nbxd4 Nxd4 12. Qxd4 Nb6 13. Bb3 Be6 14. Qb4 Re8 15. Rad1 Qe7 16. Qc3 Bxb3 17. Qxb3 Rad8 18. h3 h6 19. Rfe1 Rxd1 20. Rxd1 Qe6 21. Qe3 Rd8 22. Re1 Qd7 23. b3 Qd3 24. Qc5 Qd5 25. Qa3 Nc8 26. Qb4 c5 27. Qa4 Qd7 28. Qf4 Qe6 29. Rc1 b6 30. b4 Qxa2 31. bxc5 bxc5 32. Rxc5 Nb6 33. Rc7 Rd7 34. Rc6 Qa4 35. Qxa4 Nxa4 36. h4 Nb2 37. Rc8+ Kh7 38. h5 Nd3 39. Re8 Nf4 40. g4 Ne6 41. Ra8 Rd1+ 42. Kh2 Rd3 43. Kg3 1/2-1/2

[Event "Hoogovens 5'"]
[Site "Wijk aan Zee"]
[Date "1999.01.18"]
[Round "8"]
[White "Piket, Jeroen"]
[Black "Anand, Viswanathan"]
[Result "1/2-1/2"]
[WhiteElo "2609"]
[BlackElo "2784"]
[PlyCount "95"]
[EventDate "1999.01.18"]
[Source "ChessBase"]
[SourceDate "1999.03.01"]

1. d4 d5 2. c4 dxc4 3. e4 e5 4. Nf3 exd4 5. Bxc4 Nc6 6. O-O Be6 7. Bb5 Bc5 8. Nbd2 Nge7 9. Ng5 Qd7 10. Nxe6 Qxe6 11. Nb3 Bb6 12. Nxd4 Bxd4 13. Qxd4 O-O 14. Qa4 a6 15. Bc4 Qg6 16. Bd3 b5 17. Qa3 Rad8 18. Bf4 b4 19. Qb3 Nd4 20. Qc4 c5 21. Rad1 Ne6 22. Be3 Qf6 23. b3 Nc6 24. f4 Qe7 25. Qxa6 Ned4 26. Qc4 g5 27. Kh1 gxf4 28. Bxf4 Ne5 29. Qc1 Nxd3 30. Rxd3 Ne2 31. Qe3 Nxf4 32. Rxf4 Rxd3 33. Qxd3 Rd8 34. Qg3+ Kh8 35. h3 Qe5 36. Kh2 Rg8 37. Qf3 Ra8 38. Qg3 Rxa2 39. Rf5 Qxg3+ 40. Kxg3 Rc2 41. Kf4 Kg7 42. g4 Rc3 43. h4 h6 44. g5 h5 45. Rd5 Rxb3 46. Rxc5 Rh3 47. Rb5 Rxh4+ 48. Kf5 1/2-1/2

[Event "Biel"]
[Site "?"]
[Date "1997.??.??"]
[Round "?"]
[White "Karpov, Anatoly"]
[Black "Milov, V."]
[Result "1-0"]
[WhiteElo "2745"]
[BlackElo "2635"]
[PlyCount "69"]
[EventDate "1997.??.??"]
[Source "ChessBase"]
[SourceDate "1997.06.01"]

1. d4 d5 2. c4 dxc4 3. e4 Nc6 4. Nf3 Bg4 5. d5 Ne5 6. Bf4 Ng6 7. Be3 e5 8. Bxc4 Nf6 9. Nc3 a6 10. O-O Bd6 11. Be2 O-O 12. Nd2 Bd7 13. Rc1 Qe7 14. a3 b5 15. Nb3 Nf4 16. Bf3 Kh8 17. Na2 g5 18. Nc5 Rg8 19. Nb4 Rg6 20. Qc2 g4 21. Be2 Rag8 22. Rfd1 N6h5 23. g3 Bc8 24. Nc6 Qg5 25. Bf1 Rh6 26. Qc3 Nf6 27. Nd3 Qh5 28. h4 gxh3 29. Ndxe5 Rg7 30. Bxf4 Nxe4 31. Qe3 Qf5 32. Bxh6 h2+ 33. Kxh2 Nxf2 34. Bxg7+ Kxg7 35. Rd4 1-0

[Event "Skelleftea"]
[Site "?"]
[Date "1989.??.??"]
[Round "?"]
[White "Kasparov, Garry"]
[Black "Huebner, R."]
[Result "1/2-1/2"]
[WhiteElo "2775"]
[BlackElo "2605"]
[PlyCount "121"]
[EventDate "1989.??.??"]
[Source "ChessBase"]
[SourceDate "1989.07.01"]

1. d4 d5 2. c4 dxc4 3. e4 e5 4. Nf3 exd4 5. Bxc4 Bb4+ 6. Nbd2 Nc6 7. O-O Nf6 8. e5 Nd5 9. Nb3 Nb6 10. Bg5 Be7 11. Bxe7 Qxe7 12. Bb5 Bd7 13. Bxc6 Bxc6 14. Nfxd4 Bd5 15. Qg4 g6 16. Rfe1 O-O 17. Nf5 Qd7 18. Nh6+ Kg7 19. Qg5 f6 20. exf6+ Rxf6 21. Re7+ Qxe7 22. Nf5+ Rxf5 23. Qxe7+ Rf7 24. Qe5+ Kg8 25. Nc5 c6 26. b3 Nd7 27. Nxd7 Rxd7 28. Rd1 a5 29. h4 Rf7 30. Rd4 Rf5 31. Qe1 b5 32. Rd3 a4 33. Re3 axb3 34. axb3 Raf8 35. f3 h5 36. Kh2 R5f6 37. Kg3 Rf5 38. Qd2 Kg7 39. b4 R5f7 40. Qd4+ Kg8 41. Qb6 Kg7 42. Kf2 Kh7 43. Kg3 Kg7 44. Qd4+ Kg8 45. Ra3 Kh7 46. Ra6 Kg8 47. Rb6 Kh7 48. Kh2 Rf4 49. Qe3 R4f7 50. Qc3 Rf4 51. Kg3 R4f7 52. Ra6 Rf5 53. Ra1 R5f7 54. Re1 Rf5 55. Re3 R5f7 56. Qc5 Kg7 57. Kf2 Rf5 58. Qd4+ Kh7 59. Re7+ R5f7 60. Re5 Rf5 61. Re1 1/2-1/2

[Event "FIDE World Cup-D playoff"]
[Site "Shenyang"]
[Date "2000.09.05"]
[Round "1.2"]
[White "Gelfand, Boris"]
[Black "Tkachiev, Vladislav"]
[Result "1/2-1/2"]
[WhiteElo "2681"]
[BlackElo "2657"]
[PlyCount "108"]
[EventDate "2000.08.05"]
[Source "ChessBase"]
[SourceDate "2000.11.21"]

1. d4 d5 2. c4 dxc4 3. e4 e5 4. Nf3 Bb4+ 5. Nc3 exd4 6. Nxd4 Ne7 7. Bxc4 Nbc6 8. Be3 O-O 9. Ndb5 Ba5 10. O-O a6 11. Nd4 Ne5 12. Be2 Bb6 13. Kh1 Qd6 14. f4 N5c6 15. e5 Qh6 16. Nxc6 Qxc6 17. Bf3 Qh6 18. Bxb6 Qxb6 19. Na4 Qh6 20. Nc5 Nf5 21. Qe1 Rb8 22. Be4 b6 23. Bxf5 bxc5 24. Bxc8 Rfxc8 25. Qc3 Rb4 26. f5 Rh4 27. h3 Rd8 28. Rad1 Rdd4 29. Rxd4 cxd4 30. Qf3 c6 31. e6 fxe6 32. Qxc6 Qf6 33. Qe8+ Qf8 34. Qxe6+ Qf7 35. Qc8+ Qf8 36. Qxa6 Re4 37. f6 gxf6 38. Rxf6 Qe7 39. Qd6 Qxd6 40. Rxd6 Kf7 41. Kh2 Ke7 42. Rc6 Re2 43. Rc4 d3 44. Rb4 Rc2 45. a4 d2 46. Rd4 Rxb2 47. Kg3 Ra2 48. Kf3 Rxa4 49. Rxd2 Kf7 50. Rd6 Kg7 51. Re6 Rb4 52. Re4 Rb2 53. g3 Kg6 54. Kg4 Rb6 1/2-1/2

[Event "FIDE World Cup-D"]
[Site "Shenyang"]
[Date "2000.09.01"]
[Round "1"]
[White "Khalifman, Alexander"]
[Black "Tkachiev, Vladislav"]
[Result "1/2-1/2"]
[WhiteElo "2667"]
[BlackElo "2657"]
[PlyCount "35"]
[EventDate "2000.08.01"]
[Source "ChessBase"]
[SourceDate "2000.11.21"]

1. d4 d5 2. c4 dxc4 3. e4 e5 4. Nf3 Bb4+ 5. Nc3 exd4 6. Nxd4 Ne7 7. Bxc4 Nbc6 8. Be3 O-O 9. Ndb5 Ba5 10. O-O a6 11. Nd4 Nxd4 12. Bxd4 Qd6 13. Be3 Be6 14. Qb3 Bxc4 15. Qxc4 Qc6 16. Qxc6 Nxc6 17. Nd5 Rfe8 18. f3 1/2-1/2

[Event "Linares"]
[Site "Linares"]
[Date "1993.??.??"]
[Round "2"]
[White "Beliavsky, Alexander G"]
[Black "Anand, Viswanathan"]
[Result "1-0"]
[WhiteElo "2610"]
[BlackElo "2710"]
[PlyCount "89"]
[EventDate "1993.02.??"]
[Source "ChessBase"]

1. d4 d5 2. c4 dxc4 3. e4 c5 4. d5 Nf6 5. Nc3 b5 6. Bf4 Qa5 7. e5 Ne4 8. Nge2 Na6 9. f3 Nxc3 10. Nxc3 Bf5 11. g4 Bg6 12. a4 Nb4 13. Kf2 Bd3 14. axb5 Qb6 15. Be3 g6 16. Bxd3 Nxd3+ 17. Kg2 Bg7 18. f4 g5 19. Ra6 Qb7 20. Qa4 Nxb2 21. Qa2 gxf4 22. Bxf4 Nd3 23. Qxc4 Nxe5 24. Bxe5 Bxe5 25. Ne4 Rd8 26. Rd1 h5 27. g5 Bd4 28. Rxd4 cxd4 29. Qc6+ Rd7 30. Nc5 Qxc6 31. dxc6 Rd5 32. Rxa7 O-O 33. Nd7 Rd8 34. b6 d3 35. b7 d2 36. Ra1 d1=Q 37. Rxd1 Rxd1 38. c7 R1xd7 39. b8=Q Rxb8 40. cxb8=Q+ Kg7 41. Qe5+ Kg6 42. h4 Rd2+ 43. Kf3 Rd3+ 44. Ke4 Rd1 45. Qh8 1-0